Falling hard: A Rookie's year in boxing

Αποθηκεύτηκε σε:
Λεπτομέρειες βιβλιογραφικής εγγραφής
Κύριος συγγραφέας: Jones, Chris
Μορφή: Βιβλίο
Γλώσσα:Undetermined
Έκδοση: Toronto, Canada Anansi 2001
Θέματα:
Ετικέτες: Προσθήκη ετικέτας
Δεν υπάρχουν, Καταχωρήστε ετικέτα πρώτοι!
Thư viện lưu trữ: Trung tâm Học liệu Trường Đại học Cần Thơ
LEADER 00521nam a2200205Ia 4500
001 CTU_55984
008 210402s9999 xx 000 0 und d
082 |a 796.83'092 
082 |b J76 
100 |a Jones, Chris 
245 0 |a Falling hard: 
245 2 |b A Rookie's year in boxing 
245 0 |c Chris Jones 
260 |a Toronto, Canada 
260 |b Anansi 
260 |c 2001 
650 |a boxing,sportwriters 
650 |x biography 
650 |z canada 
980 |a Trung tâm Học liệu Trường Đại học Cần Thơ